| 000 | 00445nam a2200157 4500 | ||
|---|---|---|---|
| 001 | 126068 | ||
| 003 | ES-MaACL | ||
| 005 | 20230906192741.0 | ||
| 007 | t| | ||
| 008 | 070214s1960 sp r ||||1| spa d | ||
| 100 | 1 |
_aReina, María Oliva. _996028 |
|
| 245 | 1 | 0 |
_aQuince espejos / _cMaría Oliva Reina Castrillón. |
| 260 |
_aJerez de la Frontera : _bGrafibérica, _c1960. |
||
| 300 |
_a97 p. ; _c20 cm. |
||
| 852 |
_aES-MaACL _jC-31906 _bR.62406 |
||
| 999 |
_c126068 _d126068 |
||